De la ciudad al reino: 4to. año Enseñanza Media
Պահպանված է:
| Հիմնական հեղինակներ: | , |
|---|---|
| Ձևաչափ: | Գիրք |
| Լեզու: | իսպաներեն |
| Հրապարակվել է: |
Santiago
ONAC
1989
|
| Շարք: | Sendero Juvenil, 4
|
| Խորագրեր: | |
| Ցուցիչներ: |
Ավելացրեք ցուցիչ
Չկան պիտակներ, Եղեք առաջինը, ով նշում է այս գրառումը!
|
MARC
| LEADER | 00000nam a2200000 a 4500 | ||
|---|---|---|---|
| 001 | UCW9660 | ||
| 003 | CL-VaPUC | ||
| 008 | 890605e19890000CL |||||||||||||||||spa|d | ||
| 082 | 0 | 4 | |a 268.4 |b MOL |2 21 |
| 100 | |a Molina S., Lidia |e autora |9 315024 | ||
| 700 | 0 | |a Echeverría N., Ramón |e author |9 315011 | |
| 245 | 1 | 0 | |a De la ciudad al reino: 4to. año Enseñanza Media |
| 300 | |a 76 p | ||
| 942 | |c BK | ||
| 945 | |d 19890605 00:00:00 | ||
| 260 | |a Santiago |b ONAC |c 1989 | ||
| 650 | 0 | |a Religión |9 255164 | |
| 650 | 7 | |a LIBROS DE TEXTOS |2 CL-VaPUC |9 315012 | |
| 583 | |a last modification |c 19890605 00:00:00 |k Rodrigo Vera | ||
| 490 | 0 | |a Sendero Juvenil, 4 | |
| 999 | |c 221572 |d 221570 | ||
| 952 | |0 0 |1 0 |4 0 |6 268_400000000000000_MOL_1989 |7 0 |8 A |9 215048 |a BIBTEO |b BIBTEO |d 2019-11-15 |i 2836068 |o 268.4 MOL 1989 |p 2836068 |r 2025-01-17 |w 2019-11-15 |y BK |k ICR | ||